000 00323nam a22001457a 4500
008 210426b ||||| |||| 00| 0 eng d
020 _a9780827367166
041 _aeng
080 _23rd
_a574
082 _a574
100 _a9
101 _aMJE
245 _aManaging Our Natural Resources
_cCamp,W.G
942 _2udc
_cBK
999 _c56771
_d56771